| 000 | 00743nam a2200205Ia 4500 | ||
|---|---|---|---|
| 003 | GCL | ||
| 008 | 140319s9999 xx 000 0 ara d | ||
| 040 |
_aGCL / _cGCL |
||
| 082 | 0 | 4 |
_a953.07 _bم م |
| 100 | 1 | _aمحمود اسماعيل | |
| 245 | 1 | 0 |
_aالمهمشون فى التاريخ الاسلامى / _cمحمود اسماعيل |
| 250 | _aالاولى | ||
| 260 |
_aالقاهرة : _bرؤية للنشر والتوزيع ، _c2004 |
||
| 300 |
_a208 ص ؛ _c24 سم |
||
| 650 | 0 | 4 | _aالعالم الاسلامى |
| 650 | 0 | 4 | _aالتاريخ الاسلامى - الدولةالعباسية |
| 650 | 0 | 4 | _aالعالم الاسلامى - تاريخ |
| 650 | 0 | 4 | _aالعالم الاسلامى - الثورات |
| 942 |
_2ddc _cBK |
||
| 999 |
_c57334 _d57334 |
||